00652nam a2200205Ia 4500008004100000020001800041050001400059100002100073245004200094245006300136260001300199260002900212260000900241300001500250300002200265300001000287440002700297999001900324952010300343180207s9999 xx 000 0 und d a9780746091401 bM158 2006 aMackinnon, Mairi 4aThe goose that laid the golden eggs / cretold by Mairi Mackinnon ; illustrated by Daniel Howarth. aLondon : bUsborne Publishing Ltd., c2006 a48 pages : bchiefly colored ; c19cm. aUsborne first reading. c355635d355635 001040aSSISMbSSISMd2018-02-07l0oER M158 2006pSSISM5180r2018-02-07 00:00:00w2018-02-07yBK